千葉駅の次の駅を答えるーサドンデスー - Statistics

General Stats
  • This quiz has been taken 37 times
  • The average score is 8 of 17
Answers on the Grid
Answers color-coded by a green-red scale on the quiz's grid according to % correct below.
千葉
東千葉
稲毛
本八幡
錦糸町
船橋
四街道
都賀
佐倉
大阪(梅田)
海浜幕張
西千葉
蘇我
渋川
松本
京都
千葉中央
空港第2ビル
成田空港
新宿
東京
品川
県庁前
栄町
千葉みなと
本千葉
市役所前
茂原
新千葉
千里中央
 
Answer Stats
Answer % Correct
東千葉
91%
稲毛
86%
西千葉
77%
船橋
64%
本千葉
59%
四街道
55%
都賀
55%
空港第2ビル
55%
佐倉
45%
東京
45%
市役所前
41%
蘇我
36%
千葉中央
32%
栄町
32%
新千葉
32%
渋川
9%
海浜幕張
5%
No matching quizzes found
Score Distribution
Percent of People with Each Score
Percentile by Number Answered
Your Score History
You have not taken this quiz